[Event "TUR-chT 2nd League"]
[Site "Konya"]
[Date "2017.07.21"]
[Round "7.4"]
[White "Karagulle, Hulya"]
[Black "Boy, Melike"]
[Result "0-1"]
[WhiteElo "1476"]
[BlackElo "1265"]
[PlyCount "80"]
[EventDate "2017.07.17"]
[EventType "team-swiss"]
[EventRounds "9"]
[EventCountry "TUR"]
[SourceTitle "CBM 179 Extra"]
[Source "ChessBase"]
[SourceDate "2017.08.23"]
[SourceVersion "1"]
[SourceVersionDate "2017.08.23"]
[SourceQuality "1"]
[WhiteTeam "Gaziantep Sader"]
[BlackTeam "Samsun Gercek"]
[WhiteTeamCountry "TUR"]
[BlackTeamCountry "TUR"]

1. c4 Nf6 2. Nc3 g6 3. Nf3 Bg7 4. g3 d6 5. Bg2 0-0 6. 0-0 e5 7. e3 Nc6 8. d4 Re8 9. d5 Ne7 10. e4 Nh5 11. Bg5 f6 12. Be3 f5 13. Bg5 f4 14. gxf4 Nxf4 15. Bxf4 exf4 16. Qd2 Rf8 17. Ne2 Bh6 18. Ne1 f3 19. Qxh6 fxe2 20. Nf3 exf1Q+ 21. Rxf1 Rf7 22. Ng5 Rg7 23. Bh3 Bxh3 24. Qxh3 Kh8 25. Ne6 Qd7 26. Qh4 g5 27. Qh5 Rg6 28. Kh1 Ng8 29. Rg1 Nf6 30. Qf3 Rag8 31. Qf5 h6 32. f4 Nh7 33. e5 g4 34. h4 g3 35. h5 g2+ 36. Kh2 Rg4 37. Rxg2 Rxg2+ 38. Kh3 Qe8 39. Nxc7 R8g3+ 40. Kh4 Qd8+ 0-1

[Event "TUR-chT 2nd League"]
[Site "Konya"]
[Date "2017.07.19"]
[Round "4.10"]
[White "Boy, Melike"]
[Black "Demir, Zuhal"]
[Result "0-1"]
[WhiteElo "1265"]
[BlackElo "1727"]
[PlyCount "56"]
[EventDate "2017.07.17"]
[EventType "team-swiss"]
[EventRounds "9"]
[EventCountry "TUR"]
[SourceTitle "CBM 179 Extra"]
[Source "ChessBase"]
[SourceDate "2017.08.23"]
[SourceVersion "1"]
[SourceVersionDate "2017.08.23"]
[SourceQuality "1"]
[WhiteTeam "Samsun Gercek"]
[BlackTeam "Adamlari Amator"]
[WhiteTeamCountry "TUR"]
[BlackTeamCountry "TUR"]

1. e4 e6 2. d4 d5 3. exd5 exd5 4. Nf3 Nf6 5. Be2 Be6 6. 0-0 c6 7. Bf4 Bd6 8. Bxd6 Qxd6 9. Re1 0-0 10. Nbd2 Nbd7 11. Nf1 Rfe8 12. Ng3 Nf8 13. Ng5 Qf4 14. Nxe6 Nxe6 15. c3 Ng5 16. Nh5 Nxh5 17. Bxh5 g6 18. Be2 Ne4 19. Bf3 Nd2 20. Be2 Re7 21. g3 Qh6 22. Rc1 Rae8 23. Kg2 Nf3 24. Kxf3 Qh5+ 25. Kg2 Rxe2 26. Rxe2 Rxe2 27. Rb1 Qg4 28. Kf1 Qf3 0-1

[Event "TUR-chT 2nd League"]
[Site "Konya"]
[Date "2017.07.17"]
[Round "1.12"]
[White "Demirelli, Leman"]
[Black "Boy, Melike"]
[Result "1-0"]
[WhiteElo "1355"]
[BlackElo "1265"]
[PlyCount "101"]
[EventDate "2017.07.17"]
[EventType "team-swiss"]
[EventRounds "9"]
[EventCountry "TUR"]
[SourceTitle "CBM 179 Extra"]
[Source "ChessBase"]
[SourceDate "2017.08.23"]
[SourceVersion "1"]
[SourceVersionDate "2017.08.23"]
[SourceQuality "1"]
[WhiteTeam "Burdur Serenler"]
[BlackTeam "Samsun Gercek"]
[WhiteTeamCountry "TUR"]
[BlackTeamCountry "TUR"]

1. e4 c5 2. Nc3 d6 3. g3 Nf6 4. Bg2 Nc6 5. d3 Bd7 6. h3 a6 7. Be3 Rc8 8. f4 g6 9. Nge2 Bg7 10. 0-0 0-0 11. g4 e5 12. f5 Nd4 13. Qd2 b5 14. g5 Nh5 15. f6 Bh8 16. Bxd4 cxd4 17. Nd5 Re8 18. c3 dxc3 19. bxc3 Kf8 20. d4 Bc6 21. Ne7 Rxe7 22. fxe7+ Qxe7 23. d5 Bd7 24. Rf3 f5 25. gxf6 Nxf6 26. Qh6+ Kg8 27. Qh4 Rf8 28. Raf1 Bg7 29. Qg5 Be8 30. Qe3 Rf7 31. Qb6 Nh5 32. Rxf7 Bxf7 33. Qxa6 Qd7 34. Kh1 Bh6 35. Qc6 Qa7 36. Qxd6 Qxa2 37. Qc7 Bf4 38. Nxf4 Nxf4 39. Rxf4 exf4 40. Qxf4 Qa1+ 41. Kh2 Qxc3 42. Qb8+ Kg7 43. Qxb5 Qe5+ 44. Kh1 Qa1+ 45. Bf1 Qe5 46. Qd3 Qd6 47. Qd4+ Kf8 48. Bg2 Ke7 49. e5 Qb8 50. d6+ Ke6 51. Qd5+ 1-0

[Event "TUR-ch (Women)"]
[Site "Aksu"]
[Date "2017.03.07"]
[Round "2"]
[White "Boy, Melike"]
[Black "Keskin, Isra Damla"]
[Result "1-0"]
[WhiteElo "1217"]
[BlackElo "1459"]
[PlyCount "65"]
[EventDate "2017.03.06"]
[EventType "swiss"]
[EventRounds "9"]
[EventCountry "TUR"]
[SourceTitle "CBM 177 Extra"]
[Source "ChessBase"]
[SourceDate "2017.04.27"]
[SourceVersion "1"]
[SourceVersionDate "2017.04.27"]
[SourceQuality "1"]

1. e4 e5 2. Nf3 Nc6 3. Bb5 a6 4. Ba4 b5 5. Bb3 Nf6 6. d3 Bb7 7. c3 Be7 8. 0-0 0-0 9. Re1 d6 10. Nbd2 Qd7 11. Nf1 Bd8 12. Ng3 h6 13. Bc2 Ne7 14. d4 Ng6 15. h3 Re8 16. Be3 c6 17. Qd2 Qe7 18. Nf5 Qf8 19. dxe5 Nxe5 20. Nxd6 Nxf3+ 21. gxf3 Re7 22. Bc5 Rd7 23. e5 Ne8 24. Bf5 Rc7 25. Nxb7 Be7 26. Nd6 Bxd6 27. exd6 Nxd6 28. Qxd6 Qxd6 29. Bxd6 Rb7 30. Re3 g6 31. Be4 Rd8 32. Bxc6 Ra7 33. Bc5 1-0